000 00378 a2200157 4500
001 62801
020 _a9788516071837
040 _cAnchieta - Pituba
100 _aROITMAN, Isaac
240 1 0 _aA urgência da educação
_lpor
245 1 0 _aA urgência da educação
300 _a150
362 0 _a2011
650 4 _aEducação, pesquisa e tópicos relacionados
942 _cBK
999 _c62801
_d62801